Institutio Linguae Gallicae Praeceptis brevissimis, ac ordini meliori restitutis

Bibliographic Details
Main Authors: Fenne, François de, ?-1710 (Author), Boucher de Begnicour, Jean Baptiste (Author, Dedicator)
Corporate Author: Boutesteyn, Cornelis-vdova (Leiden, Holandsko) (Printer)
Format: Book
Language:Latin
French
PhysicalDescription:[12], 344, [9] s. 14 cm
Published: Lugd. Batav. Apud Vid. Cornelii Boutestein M.DCC.XIII [=1713]
Subjects:

MARC

LEADER 00000nam a2200000 a 4500
001 vtls011627963
003 SK-MaSNL
005 20260301140634.0
008 251112 1713 ne a 001 0 lat
015 |a SNBHFA1713 
020 |q (viaz.) 
035 |a urn:nbn:sk:snk-am00csqv 
035 |a urn:nbn:sk:snk-am3huqj 
035 |a 6FA954D0-9379-4BFE-A221-D14445490335 
040 |a SNK  |b slo  |c SNK  |e AACR2 
041 0 |a lat  |a fre 
044 |a ne  |c NL 
072 7 |a 81  |x Lingvistika.Jazyky  |2 konspekt 
080 |a 81  |2 2011 
080 |a 811.133.1  |2 2011 
100 1 |a Fenne, François de,  |d ?-1710  |4 aut  |9 427800 
245 1 0 |a Institutio Linguae Gallicae  |b Praeceptis brevissimis, ac ordini meliori restitutis  |c A Françisco De Fenne In Illustr. Academ Lugd. Batav. eandem Linguam (dum viveret) profitente, prius comprehensa, Nunc nono edita, ac denuo recognita, diligenter emendata, et perplurimis hactenus desideratis Observationibus locupletata A J. B. Boucher De Begnicour Phil. & Liberal. Art. Mag. Accedunt Ejustem Franc. De Fenne Ratio bene scribendi Litteras, sive Epistolas, Indiculus Dictionum, atque Phrasium, &c. & Colloquia nonnulla 
260 |a Lugd. Batav.  |b Apud Vid. Cornelii Boutestein  |c M.DCC.XIII [=1713] 
300 |a [12], 344, [9] s.  |c 14 cm 
500 |a Titulná strana s typografickou ozdobou, ozdobná iniciálka v rámčeku na 4 riadky, koncová vineta, kustody 
500 |a Predslov 
501 |a Príväzok 1.: FENNE, François de. Methode Pour Bien Ecrire Et composer des Lettres, que l'on appelle Epitres. - [Leiden : Boutesteyn, Cornelis-vdova, 18. stor.].  |5 SNK IE 10154, prív. 1 
501 |a Príväzok 2.: FENNE, François de. Entretiens Familiers, Divisésen deux Parties,... - [Leiden : Boutesteyn, Cornelis-vdova, 18. stor.].  |5 SNK IE 10154, prív. 2 
504 |a Registre 
508 |a Venovanie Jeana Baptistu Boucher de Begnicour Joannesovi Baptistovi du Bignon, Philipovi Reinhardovi Vitriariusovi a Joan. Jac. Vitriariusovi 
550 |a Rok vydania rímskymi číslicami 
561 |a Z knižnice Učenej spoločnosti malohontskej.  |5 SNKIE 10154 
561 |a Ex Libris Georgij Szluha ... 1730. - Ex Libris Franzis Szluha 1724. - Baro Szluha 1730.  |5 SNK IE 10154 
650 0 7 |a lingvistika  |2 SNKPH  |9 860 
650 0 7 |a francúzština  |2 SNKPH  |9 1355 
700 1 |a Boucher de Begnicour, Jean Baptiste  |4 aut  |4 dto  |9 493557 
700 1 |a Bignon, Joannes Baptista  |4 hnr  |9 493558 
700 1 |a Vitriarius, Philip Reinhard,  |d 1725-1770  |4 hnr  |9 493559 
700 1 |a Vitriarius, Joann. Jac.  |4 hnr  |9 493560 
700 1 |a Szluha, Georgius  |4 fmo  |9 493561 
700 1 |a Szluha, Franciscus  |4 fmo  |9 493562 
710 0 |a Boutesteyn, Cornelis-vdova (Leiden, Holandsko)  |4 prt  |9 427801 
710 |a Učená spoločnosť malohontská  |4 fmo  |9 205374 
752 |a Holandsko  |d Leiden 
852 |a snk  |b Historické fondy  |p IE 10154 
958 |a ONDV 
999 |c 764439  |d 766369 
952 |t I.F.2  |a SNK  |b SNK  |c SNK_HF  |y PREZ  |7 0  |p 17A1130257  |o snkIE 10154  |i snk2017/10475  |8 5  |0 0  |1 0  |4 0  |d 2017-05-09  |f 1  |l 0  |r 2026-02-24 00:15:12  |w 2026-02-24